000 00661nam a2200229Ia 4500
001 3244
003 GE_BSU
008 181216s||||||||xx |||||||||||||| ||und||
040 _cGE_BSU
080 _a620.10
100 _aКинасошвили,Р.С.
245 _aСопротивление материалов.
245 _bКраткий учебник.
245 _cРед. И.К. Снитко.
250 _aИзд. девятое, стереотипное.
260 _aМ.
260 _bНаука.
260 _c1965.
300 _a388 стр. с илл. 21 см.
653 _aСопротивление материалов.
942 _cBK
999 _c37285
_d37285